: Law and policy in international business (Record no. 5832)
[ view plain ]
| 000 -LEADER | |
|---|---|
| fixed length control field | 00293nam a22000977a 4500 |
| 005 - DATE AND TIME OF LATEST TRANSACTION | |
| control field | 20250901165546.0 |
| 008 - FIXED-LENGTH DATA ELEMENTS--GENERAL INFORMATION | |
| fixed length control field | 210901b |||||||| |||| 00| 0 eng d |
| 050 ## - LIBRARY OF CONGRESS CALL NUMBER | |
| Classification number | K12 .B47 1991 |
| 245 ## - TITLE STATEMENT | |
| Title | : Law and policy in international business |
| Statement of responsibility, etc. | Berman, Harold |
| 942 ## - ADDED ENTRY ELEMENTS (KOHA) | |
| Source of classification or shelving scheme | Library of Congress Classification |
| Classification part | K12 .B47 1991 |
| Withdrawn status | Lost status | Source of classification or shelving scheme | Damaged status | Not for loan | Home library | Current library | Shelving location | Date acquired | Total checkouts | Full call number | Barcode | Date last seen | Price effective from | Koha item type |
|---|---|---|---|---|---|---|---|---|---|---|---|---|---|---|
| Library of Congress Classification | Main Library | Main Library | 09/01/2021 | K12 .B47 1991 | PIU0009287 | 09/01/2021 | 09/01/2021 | Books |